000 00560nam a2200217 a 4500
999 _c5591
_d5591
001 5591
003 BD-JhCC
005 20171218180517.0
008 171218s1980 bg a|||| || | 001 0 eng d
035 _a(BD-JhCC)5591
040 _aBD-JhCC
_dBD-JhCC
041 _aeng
082 _a635
_bMAN 1980
100 _aManiruzzaman, F. M.
245 _aBasic Book of Planting & Gradening /
_c F. M. Maniruzzaman,
260 _aDacca :
_bF. M. Fazlul Hoque
300 _a272 p. :
_c22 cm.
650 _aPlanting and Gardening
942 _2ddc
_cBK